MARC

LEADER 00000nam0a2200000 4500
001 178863
005 20231031170149.0
035 |a (RuTPU)RU\TPU\book\193881 
090 |a 178863 
100 |a 20100410d1960 m y0rusy50 ca 
101 0 |a rus 
102 |a RU 
105 |a a z 000zy 
200 1 |a Разгром Квантунской армии Японии в 1945 году  |f Я. И. Куминов 
210 |a Благовещенск  |c Амурское книжное издательство  |d 1960 
215 |a 36 с.  |c ил. 
610 1 |a Япония 
610 1 |a Квантунская армия 
610 1 |a разгром 
610 1 |a Дальний Восток 
610 1 |a японские войска 
610 1 |a боевые действия 
610 1 |a капитуляция 
610 1 |a Советский Союз 
675 |a 9(с)27  |v 3 
700 1 |a Куминов  |b Я. И. 
801 1 |a RU  |b 63413507  |c 20100410 
801 2 |a RU  |b 63413507  |c 20110112  |g RCR 
942 |c BK